000 00456nam a22001577a 4500
999 _c259188
_d259187
003 OSt
005 20210329135751.0
008 210329b ||||| |||| 00| 0 eng d
020 _a9780321601100
040 _cN/A
100 _aThomas M.Connolly et al
245 _aDatabase Systems:
_bA Practical Approach to Design,Implementatio,and Management
250 _a5th Edition
260 _aNew York
_bPearson Education International
_c2010
942 _2lcc
_cBK